000 01384 a2200217 4500
001 39491
005 20260407155653.0
008 260407a1955 arg spa d
003 AR-UNSa-BCEJYS
040 _aAR-UNSa-BCEJYS
_bspa
_cAR-UNSa-BCEJYS
080 _a658.013
_xCuestiones psicológicas (Psicología de la organización)
245 1 0 _aPsicología industrial
250 _a6a. ed
264 1 _c1955
300 _a634 p.
_c23 cm.
505 _a1. El puesto de la psicología en la industria - 2.La casualidad en la conducta - 3. La psicología de las actitudes - 4. La frustración como factor de la conducta - 4. La frustración como factor de la conducta - 5. La moral - 6. La dirección de supervisión - 7. Diferencias individuales - 8. Medida del rendimiento - 9. El uso de los tests psicológicos de la industria - 10. La naturaleza general de los Tests psicológicos - 11. Análisis de tiempos y movimientos - 12. La formación de la industria - 13. Principios básicos en la motivación - 14. Motivación y trabajo - 15. Fatiga - 16. Fatiga psicológica y fenómenos que se relacionan con ella - 17. La seguridad - 18. El ambiente de trabajo - 19. Factores psicológicos en la rotación del personal - 20. El consejo y la entrevista -
942 _cBK
590 _aniveau_biblio:m niveau_hierar:0
100 1 _aMaier, Norman R.F.
700 1 _aOntiveros, Fernando
999 _c3056
_d3056